Titus ; (Record no. 7650)
[ view plain ]
| 000 -LEADER | |
|---|---|
| fixed length control field | 00452nam a22001697a 4500 |
| 003 - CONTROL NUMBER IDENTIFIER | |
| control field | OSt |
| 005 - DATE AND TIME OF LATEST TRANSACTION | |
| control field | 20190214202243.0 |
| 008 - FIXED-LENGTH DATA ELEMENTS--GENERAL INFORMATION | |
| fixed length control field | 190214b ||||| |||| 00| 0 eng d |
| 040 ## - CATALOGING SOURCE | |
| Transcribing agency | DLC |
| 082 ## - DEWEY DECIMAL CLASSIFICATION NUMBER | |
| Classification number | 227.8 |
| Item number | W538T |
| 100 ## - MAIN ENTRY--PERSONAL NAME | |
| Personal name | Westwood, Tom. |
| 245 ## - TITLE STATEMENT | |
| Title | Titus ; |
| Remainder of title | Golden Nuggets of Truth / |
| Statement of responsibility, etc. | Tom Westwood. |
| 260 ## - PUBLICATION, DISTRIBUTION, ETC. | |
| Place of publication, distribution, etc. | California, U.S.A. |
| Name of publisher, distributor, etc. | Bible Treasury Hour Inc. |
| Date of publication, distribution, etc. | c 1969. |
| 300 ## - PHYSICAL DESCRIPTION | |
| Extent | 96 p.: |
| 650 ## - SUBJECT ADDED ENTRY--TOPICAL TERM | |
| Topical term or geographic name entry element | Bible Interpretation. |
| 942 ## - ADDED ENTRY ELEMENTS (KOHA) | |
| Source of classification or shelving scheme | Dewey Decimal Classification |
| Koha item type | Books |
| Withdrawn status | Lost status | Source of classification or shelving scheme | Damaged status | Not for loan | Collection code | Home library | Current library | Shelving location | Date acquired | Cost, normal purchase price | Total Checkouts | Full call number | Barcode | Date last seen | Price effective from | Koha item type |
|---|---|---|---|---|---|---|---|---|---|---|---|---|---|---|---|---|
| Dewey Decimal Classification | Non-fiction | Harvest Mission College | Harvest Mission College | General Stacks | 14.02.2019 | 600.00 | 227.8 W538T | 008758 | 14.02.2019 | 14.02.2019 | Books |
